| 000 | 00689nam a2200181 a 4500 | ||
|---|---|---|---|
| 001 | 000045729 | ||
| 005 | 20201002052418.0 | ||
| 008 | 150508s2015 dr ac 000 0 spa d | ||
| 040 |
_aDO-SdBNP _bspa _cBNPHU |
||
| 082 |
_axxxx _bxxxx |
||
| 100 | 1 |
_aSantana Morel, Julio César, _d1954- _973786 |
|
| 245 | 1 | 0 |
_aBosch, en diálogos imaginarios y otros asuntos / _cJulio César Santana Morel ; prólogo Eugenio García Cuevas. |
| 260 |
_aSanto Domingo : _bs. n., _c2015. |
||
| 300 |
_a144 p. : _bil., retrs. ; _c22 cm. |
||
| 500 | _aIncluye datos biográficos del autor en la solapa de la contracubierta. | ||
| 504 | _aBibliografía : p. 144 | ||
| 700 | 1 | 2 |
_aGarcía Cuevas, Eugenio, _epról. _910813 |
| 999 |
_c45218 _d45218 |
||